Państwa z walutą Euro - Statystyki

Ogólne statystyki
  • Ten quiz został rozwiązany 83 razy
  • Średni wynik to 18 z 20
Odpowiedzi na mapie
Odpowiedzi zakodowano w zielono-czerwonej skali na mapie do tego quizu, zgodnie z poniższymi procentami.
 
Statystyki odpowiedzi
Państwo % Poprawnych
Francja
100%
Hiszpania
100%
Niemcy
100%
Portugalia
100%
Włochy
100%
Austria
98%
Holandia
98%
Belgia
96%
Chorwacja
96%
Grecja
96%
Słowacja
96%
Litwa
93%
Estonia
91%
Irlandia
91%
Łotwa
91%
Luksemburg
91%
Słowenia
89%
Finlandia
81%
Malta
77%
Cypr
60%
Nie znaleziono quizów pasujących do podanych kryteriów
Rozkład punktacji
Procent ludzi z każdym wynikiem
Percentyl według liczby udzielonych odpowiedzi
Twoja historia wyników
Nie rozwiązałeś tego quizu